00796nam a2200229Ia 4500003000900000008004100009020003000050020003100080022002200111022002300133040001600156100002100172245008000193260005700273300002000330490002000350650004800370650003700418650002600455650001200481856007300493IN-BaIIA211028s9999 xx s 000 0 eng d a978-3-642-30787-4 (Print) a978-3-642-30788-1 (Online) a2190-5053 (Print) a2190-5061 (Online) cIIA Library aVesterinen, Mika 0aZ Boson Transverse Momentum Distribution, and ZZ and WZ Productionh[eBook] aHeidelberg, BerlinbSpringer Berlin Heidelbergc2012 aOnline resource aSpringer Theses a Elementary Particles, Quantum Field Theory a Mathematical Methods in Physics a Mathematical Physics aPhysics uhttp://doi.org/10.1007/978-3-642-30788-1yClick Here to Access eBook